La democracia interna en los sindicatos

Αποθηκεύτηκε σε:
Λεπτομέρειες βιβλιογραφικής εγγραφής
Κύριος συγγραφέας: Cabero Morán, Enrique (Συγγραφέας)
Μορφή: Βιβλίο
Γλώσσα:Ισπανικά
Έκδοση: Madrid Consejo Económico y Social 1997
Έκδοση:1a. ed
Σειρά:Colección Estudios, 54
Θέματα:
Ετικέτες: Προσθήκη ετικέτας
Δεν υπάρχουν, Καταχωρήστε ετικέτα πρώτοι!

MARC

LEADER 00000nam a2200000 a 4500
001 UCK4344
003 CL-VaPUC
008 050603e19970000SP |||||||||||||||||spa|d
020 |a 8481880647 
082 0 4 |a 331.88  |b CAB  |2 21 
100 0 |a Cabero Morán, Enrique  |e author  |9 492805 
245 1 3 |a La democracia interna en los sindicatos 
250 |a 1a. ed 
300 |a 263 p 
942 |c BK 
945 |d 20050603 00:00:00  |a cmena 
260 |a Madrid  |b Consejo Económico y Social  |c 1997 
650 7 |a SINDICALISMO  |2 CL-VaPUC  |9 492806 
650 0 |a Democracia  |9 255256 
650 0 |a Estructura organizacional   |9 390800 
650 7 |a PARTICIPACION POLITICA  |2 CL-VaPUC  |9 492807 
583 |a last modification  |c 20050603 00:00:00  |k Rodrigo Vera 
490 0 |a Colección Estudios, 54 
999 |c 313228  |d 313226 
952 |0 0  |1 0  |4 0  |6 331_880000000000000_CAB_1997  |7 0  |8 A  |9 384398  |a BIBGIM  |b BIBGIM  |d 2019-11-22  |i 4128346  |o 331.88 CAB 1997  |p 4128346  |r 2025-01-15  |w 2019-11-22  |y BK  |k GIM